<?xml version="1.0" encoding="UTF-8"?>
<collection xmlns="http://www.loc.gov/MARC21/slim">
    <record>
        <controlfield tag="001">86310</controlfield>
        <controlfield tag="005">20191212092824.0</controlfield>
        <datafield tag="024" ind1="8" ind2=" ">
            <subfield code="2">sideral</subfield>
            <subfield code="a">115056</subfield>
        </datafield>
        <datafield tag="037" ind1=" " ind2=" ">
            <subfield code="a">ART-2018-115056</subfield>
        </datafield>
        <datafield tag="041" ind1=" " ind2=" ">
            <subfield code="a">spa</subfield>
        </datafield>
        <datafield tag="100" ind1=" " ind2=" ">
            <subfield code="0">(orcid)0000-0001-7110-3304</subfield>
            <subfield code="a">Barrio Gallardo, Aurelio</subfield>
            <subfield code="u">Universidad de Zaragoza</subfield>
        </datafield>
        <datafield tag="245" ind1=" " ind2=" ">
            <subfield code="a">Derecho a la herencia y sucesión forzosa en el art. 33 de la Constitución española</subfield>
        </datafield>
        <datafield tag="260" ind1=" " ind2=" ">
            <subfield code="c">2018</subfield>
        </datafield>
        <datafield tag="506" ind1="0" ind2=" ">
            <subfield code="a">Access copy available to the general public</subfield>
            <subfield code="f">Unrestricted</subfield>
        </datafield>
        <datafield tag="520" ind1="3" ind2=" ">
            <subfield code="a">Existe un debate abierto acerca de la necesaria reforma del sistema legitimario codificado que no refleja la realidad socioeconómica de nuestro tiempo. Es preciso interrogarse acerca de los óbices  de  inconstitucionalidad  que  puede  deparar  una  reducción  o  incluso  eliminación  de  la cuota  forzosa.  Se  ofrecen  argumentos  que  impiden  derivar  una  exigencia  de  tal  freno  a  la libertad  de  testar  en  el  art.  33  CE.  No  cabe  entender  la  legítima  comprendida  dentro  del contenido esencial de la herencia ni tampoco en la función social que se predica de la misma; su actual pervivencia depende exclusivamente de una decisión de política legislativa.</subfield>
        </datafield>
        <datafield tag="536" ind1=" " ind2=" ">
            <subfield code="9">info:eu-repo/grantAgreement/ES/DGA/S26-17R</subfield>
            <subfield code="9">info:eu-repo/grantAgreement/ES/MINECO/DER2016-79363-R</subfield>
        </datafield>
        <datafield tag="540" ind1=" " ind2=" ">
            <subfield code="9">info:eu-repo/semantics/openAccess</subfield>
            <subfield code="a">by</subfield>
            <subfield code="u">http://creativecommons.org/licenses/by/3.0/es/</subfield>
        </datafield>
        <datafield tag="655" ind1=" " ind2="4">
            <subfield code="a">info:eu-repo/semantics/article</subfield>
            <subfield code="v">info:eu-repo/semantics/publishedVersion</subfield>
        </datafield>
        <datafield tag="710" ind1="2" ind2=" ">
            <subfield code="1">4004</subfield>
            <subfield code="2">130</subfield>
            <subfield code="a">Universidad de Zaragoza</subfield>
            <subfield code="b">Dpto. Derecho Privado</subfield>
            <subfield code="c">Área Derecho Civil</subfield>
        </datafield>
        <datafield tag="773" ind1=" " ind2=" ">
            <subfield code="g">4, 1 (2018), 139-158</subfield>
            <subfield code="p">Conpedi Law Rev.</subfield>
            <subfield code="t">Conpedi Law Review</subfield>
            <subfield code="x">2448-3931</subfield>
        </datafield>
        <datafield tag="856" ind1="4" ind2="1">
            <subfield code="u">https://www.researchgate.net/publication/329333552_DERECHO_A_LA_HERENCIA_Y_SUCESION_FORZOSA_EN_EL_ART_33_DE_LA_CONSTITUCION_ESPANOLA</subfield>
            <subfield code="z">Texto completo de la revista</subfield>
        </datafield>
        <datafield tag="856" ind1="4" ind2=" ">
            <subfield code="s">752558</subfield>
            <subfield code="u">http://zaguan.unizar.es/record/86310/files/texto_completo.pdf</subfield>
            <subfield code="y">Versión publicada</subfield>
        </datafield>
        <datafield tag="856" ind1="4" ind2=" ">
            <subfield code="s">102235</subfield>
            <subfield code="u">http://zaguan.unizar.es/record/86310/files/texto_completo.jpg?subformat=icon</subfield>
            <subfield code="x">icon</subfield>
            <subfield code="y">Versión publicada</subfield>
        </datafield>
        <datafield tag="909" ind1="C" ind2="O">
            <subfield code="o">oai:zaguan.unizar.es:86310</subfield>
            <subfield code="p">articulos</subfield>
            <subfield code="p">driver</subfield>
        </datafield>
        <datafield tag="951" ind1=" " ind2=" ">
            <subfield code="a">2019-12-12-08:55:54</subfield>
        </datafield>
        <datafield tag="980" ind1=" " ind2=" ">
            <subfield code="a">ARTICLE</subfield>
        </datafield>
    </record>

    
</collection>